000 00800nam a2200253Ia 4500
003 OSt
005 20220925210627.0
006 a|||||r|||| 00| 0
007 ta
008 220923b |||||||| |||| 00| 0 eng d
020 _a9780470568132
_c8440.5
037 _b015/2012-13, 12/06/2012, PIONEER BOOK DISTRIBUTORS
_cGeneral Book
040 _aRTL
_cRTL
_beng
041 _2eng
_aeng
082 _aX:(D65,8(B),WP, Q0
100 _aBRAZELL Aaron
_9272806
245 0 _aWord Press Bible
260 _aIndianapolis
_bWiley Publishing
_c2010
300 _axxvii,644p
_ccm.
500 _aAppendix: P[ 475-622
650 _aEconomics
942 _hX:(D65,8(B),WP, Q0
_cGB
_2CC
999 _c555640
_d555640